Municípios da Região Metropolitana de Umuarama (PR) no mapa - Statistics

Estatísticas Gerais
  • Esse quiz foi jogado 31 vezes
  • A pontuação média é 12 de 24
Respostas no mapa
Respostas codificadas por cores de uma escala verde-vermelha no mapa do quiz de acordo com a % correta abaixo.
 
Estatísticas das Respostas
Município % Correto
Umuarama
100%
Icaraíma
61%
Cruzeiro do Oeste
57%
Xambrê
57%
Alto Paraíso
52%
Alto Piquiri
52%
Douradina
52%
Francisco Alves
52%
Altônia
48%
Cidade Gaúcha
48%
Maria Helena
48%
Mariluz
48%
Nova Olímpia
48%
Pérola
48%
Brasilândia do Sul
43%
Esperança Nova
43%
São Jorge do Patrocínio
43%
Tapejara
43%
Cafezal do Sul
39%
Iporã
39%
Ivaté
39%
Perobal
39%
Tapira
39%
Tuneiras do Oeste
35%
Nenhum quiz correspondente encontrado
Distribuição das Pontuações
Porcentagem de Pessoas com Cada Pontuação
Percentil de Números Respondidos
Sua Pontuação Histórica
Você não jogou esse quiz